000 00441nam a2200145 4500
001 121044
003 ES-MaACL
005 20230906191657.0
007 t|
008 070214s1918 sp r ||||1| spa d
100 1 _aPonce de León y de Alberni, Joaquín.
_992955
245 1 0 _aHigiene social
_b: degeneraciones psíquicas /
_cJoaquín Ponce de León y de Alberni.
260 _aBarcelona :
_b[s.n.],
_c1918.
852 _aES-MaACL
_j1574-F-22
999 _c121044
_d121044